| 000 | 00830nam a2200241 a 4500 | ||
|---|---|---|---|
| 003 | PILC | ||
| 005 | 20150112093438.0 | ||
| 008 | 100722s19uu xx 00 eng d | ||
| 020 | _a0256115915 | ||
| 050 |
_aHD 2785 _b.B78 1995 |
||
| 082 |
_aMnSF 658.4012 _bB78 1995 |
||
| 100 |
_aBower, Joseph L. _917089 |
||
| 245 |
_aBusiness policy : _bManaging strategic process / |
||
| 250 | _a8th ed. | ||
| 260 |
_aBoston, Massachusetts : _bRichard D. Irwin, Times Mirror Higher Education Group, Inc, _c1995. |
||
| 300 |
_a883 pages : _c23 cm. |
||
| 650 |
_aCorporation - United States - Case studies _917090 |
||
| 650 |
_aIndustrial management - United States - Case studies _917091 |
||
| 700 |
_aBarlett, Christopher A. _917092 |
||
| 700 |
_aUyterhoeven, Hugo E.R. _917093 |
||
| 700 |
_aWalton, Richard E. _917094 |
||
| 942 |
_2lcc _cBK |
||
| 999 |
_c14655 _d14655 |
||